Normal view
MARC view
Entry Personal Name
001 - CONTROL NUMBER
- control field: 1235632
003 - CONTROL NUMBER IDENTIFIER
- control field: OSt
005 - DATE AND TIME OF LATEST TRANSACTION
- control field: 20260424113147.0
008 - FIXED-LENGTH DATA ELEMENTS
- fixed length control field: 260424|| aca||aabn | a|a d
040 ## - CATALOGING SOURCE
- Original cataloging agency: OSt
- Transcribing agency: OSt
100 ## - HEADING--PERSONAL NAME
- Personal name: Fransoni, Alessio
670 ## - SOURCE DATA FOUND
- Source citation: Work cat.: (OSt)1848498: Fransoni, Alessio, Political theory of art:, 2024.
